Catálogo
 En Linea

Vision contemporaine de Toussaint Louverture / (Registro nro. 27594)

Detalles MARC
000 -CABECERA
campo de control de longitud fija 00919nam a2200241 a 4500
001 - NÚMERO DE CONTROL
campo de control 000028102
005 - FECHA Y HORA DE LA ÚLTIMA TRANSACCIÓN
campo de control 20200930031342.0
008 - DATOS DE LONGITUD FIJA--INFORMACIÓN GENERAL
campo de control de longitud fija 110406s1992 ht 001 0bfre d
040 ## - FUENTE DE LA CATALOGACIÓN
Centro catalogador/agencia de origen DO-SdBNP
Lengua de catalogación spa
Centro/agencia transcriptor BNPHU
041 07 - CÓDIGO DE LENGUA
Código de lengua del texto/banda sonora o título independiente fre
082 ## - NÚMERO DE LA CLASIFICACIÓN DECIMAL DEWEY
Número de clasificación 972.9403
Número de documento/Ítem P622v
049 ## - FONDOS LOCALES (OCLC)
Fondos de biblioteca BNPD
100 1# - ENTRADA PRINCIPAL--NOMBRE DE PERSONA
Nombre de persona Pierre-Charles, Gérard
9 (RLIN) 41080
245 10 - MENCIÓN DE TÍTULO
Título Vision contemporaine de Toussaint Louverture /
Mención de responsabilidad, etc. Gérard Pierre-Charles.
260 ## - PUBLICACIÓN, DISTRIBUCIÓN, ETC.
Lugar de publicación, distribución, etc. Puerto-Principe, Haití :
Nombre del editor, distribuidor, etc. Centre de Recherche et de Formation Economique et Sociale pour le Développment,
Fecha de publicación, distribución, etc. 1992.
Lugar de fabricación/manufactura [Santo Domingo :
Fabricante Rafael Domínguez & Asociados]
300 ## - DESCRIPCIÓN FÍSICA
Extensión 69 p. ;
Dimensiones 21 cm.
546 ## - NOTA DE LENGUA/LENGUAJE
Nota de lengua/lenguaje Francés
600 14 - PUNTO DE ACCESO ADICIONAL DE MATERIA--NOMBRE DE PERSONA
Nombre de persona LOUVERTURE, TOUSSAINT,
Fechas asociadas al nombre 1743-1803
9 (RLIN) 46608
651 #4 - PUNTO DE ACCESO ADICIONAL DE MATERIA--NOMBRE GEOGRÁFICO
Nombre geográfico Haití
Subdivisión general Historia
Subdivisión cronológica REVOLUCIÓN, 1791-1804
9 (RLIN) 9645
651 #4 - PUNTO DE ACCESO ADICIONAL DE MATERIA--NOMBRE GEOGRÁFICO
Nombre geográfico Haití
Subdivisión general Política Y Gobierno
9 (RLIN) 12667
651 #4 - PUNTO DE ACCESO ADICIONAL DE MATERIA--NOMBRE GEOGRÁFICO
Nombre geográfico Haití
Subdivisión general Condiciones Sociales
9 (RLIN) 12666
910 ## - DATOS DE OPCIÓN DEL USUARIO (OCLC)
Datos de opción del usuario Validado. Control de la calidad EMS.
Existencias
Estado de retiro Estado de pérdida Restricciones de uso No para préstamo Código de colección Localización permanente Ubicación/localización actual Ubicación en estantería Fecha de adquisición Número de inventario Total de préstamos Signatura topográfica completa Código de barras Fecha visto por última vez Precio válido a partir de Tipo de ítem Koha
      Excluido de préstamo Monografías: Libros y Folletos Patrimonio Dominicano Patrimonio Dominicano Depósito 06.04.2011 LF1   972.9403 P622v 28102-10 25.06.2020 25.06.2020 No se presta

Con tecnología Koha